<?xml version="1.0" encoding="UTF-8"?>
<collection xmlns="http://www.loc.gov/MARC21/slim">
 <record>
  <leader>01578cam a2200253 a 4500</leader>
  <controlfield tag="001">EEA.libagro009607</controlfield>
  <controlfield tag="005">20161011122300.0</controlfield>
  <controlfield tag="008">951227s1995####wiuab####b####100#0#eng#d</controlfield>
  <datafield tag="020" ind1=" " ind2=" ">
   <subfield code="a">089118127X</subfield>
  </datafield>
  <datafield tag="082" ind1="0" ind2="0">
   <subfield code="a">631.47</subfield>
  </datafield>
  <datafield tag="082" ind1="0" ind2="0">
   <subfield code="a">003</subfield>
  </datafield>
  <datafield tag="111" ind1="2" ind2=" ">
   <subfield code="a">International Conference on Site-Specific Management for Agricultural Systems</subfield>
   <subfield code="n">(2nd :</subfield>
   <subfield code="d">1994 :</subfield>
   <subfield code="c">Minneapolis, Minn.)</subfield>
  </datafield>
  <datafield tag="245" ind1="0" ind2="0">
   <subfield code="a">Proceedings of site-specific management for agricultural systems :</subfield>
   <subfield code="b">second international conference, March 27-30, 1994 Thunderbird Hotel, 2201 East 78th St., Minneapolis, MN : conducted by the Department of Soil Science and Minnesota Extension Service, University of Minnesota /</subfield>
   <subfield code="c">editors P.C. Robert, R.H. Rust, and W.E. Larson.</subfield>
  </datafield>
  <datafield tag="246" ind1="3" ind2="0">
   <subfield code="a">Site-specific management for agricultural systems</subfield>
  </datafield>
  <datafield tag="260" ind1=" " ind2=" ">
   <subfield code="a">Madison, WI, USA :</subfield>
   <subfield code="b">American Society of Agronomy :</subfield>
   <subfield code="b">Crop Science Society of America :</subfield>
   <subfield code="b">Soil Science Society of America,</subfield>
   <subfield code="c">c1995.</subfield>
  </datafield>
  <datafield tag="300" ind1=" " ind2=" ">
   <subfield code="a">xvii, 993 p. :</subfield>
   <subfield code="b">il., maps ;</subfield>
   <subfield code="c">23 cm.</subfield>
  </datafield>
  <datafield tag="500" ind1=" " ind2=" ">
   <subfield code="a">&quot;The proceedings of the Second International Conference on Site-Specific Management for Agricultural Systems, held in Minneapolis (Bloomington), March 28-30, 1994, a first conference was held in Minneapolis in April 1992&quot;--P. xiii.</subfield>
  </datafield>
  <datafield tag="504" ind1=" " ind2=" ">
   <subfield code="a">Incluye referencias bibliográficas.</subfield>
  </datafield>
  <datafield tag="700" ind1="1" ind2=" ">
   <subfield code="a">Robert, P. C.</subfield>
   <subfield code="q">(Pierre C.)</subfield>
  </datafield>
  <datafield tag="700" ind1="1" ind2=" ">
   <subfield code="a">Rust, Richard H.</subfield>
   <subfield code="q">(Richard Henry),</subfield>
   <subfield code="d">1921-</subfield>
  </datafield>
  <datafield tag="700" ind1="1" ind2=" ">
   <subfield code="a">Larson, William E.,</subfield>
   <subfield code="d">1921-</subfield>
  </datafield>
  <datafield tag="710" ind1="2" ind2=" ">
   <subfield code="a">University of Minnesota.</subfield>
   <subfield code="b">Department of Soil Science.</subfield>
  </datafield>
  <datafield tag="710" ind1="2" ind2=" ">
   <subfield code="a">Minnesota Extension Service.</subfield>
  </datafield>
  <datafield tag="859" ind1=" " ind2=" ">
   <subfield code="a">AR-BbBCA</subfield>
   <subfield code="b">BIB. AGRONOMIA</subfield>
   <subfield code="h">631.47</subfield>
   <subfield code="i">I61 2 1994</subfield>
   <subfield code="p">1998/3183</subfield>
  </datafield>
 </record>
</collection>
